APNE-APNE DESH MEIN (Record no. 9116)

MARC details
000 -LEADER
fixed length control field 00348nam a22001457a 4500
005 - DATE AND TIME OF LATEST TRANSACTION
control field 20260417105544.0
008 - FIXED-LENGTH DATA ELEMENTS--GENERAL INFORMATION
fixed length control field 260417b |||||||| |||| 00| 0 eng d
020 ## - INTERNATIONAL STANDARD BOOK NUMBER
ISBN 978-93-93014-77-1
041 ## - LANGUAGE CODE
Language code of text/sound track or separate title eng
100 ## - MAIN ENTRY--AUTHOR NAME
Personal name BHUSHAn, SARIKA
245 ## - TITLE STATEMENT
Title APNE-APNE DESH MEIN
260 ## - PUBLICATION, DISTRIBUTION, ETC. (IMPRINT)
Place of publication DELHI
Name of publisher SURBHI PRAKASHAN
Year of publication 2025
300 ## - PHYSICAL DESCRIPTION
Number of Pages 108
942 ## - ADDED ENTRY ELEMENTS (KOHA)
Koha item type Books
Holdings
Lost status Damaged status Home library Current library Shelving location Date acquired Source of acquisition Cost, normal purchase price Full call number Accession Number Koha item type
    JRU Library JRU Library On Display 17/04/2026 DONATION 250.00 891.431 00100/D Books